Sports Quiz

Random Sports Quiz

Yankee Rookies of the Year Quiz Stats

 Plays Quiz not verified by Sporcle

Score 0/8 Timer 10:00
0 Plays Today
Year % Correct
1996Derek Jeter
98.5%
1970Thurman Munson
66.7%
1981Dave Righetti
42.4%
1962Tom Tresh
36.4%
1957Tony Kubek
34.8%
1968Stan Bahnsen
25.8%
1951Gil McDougald
18.2%
1954Bob Grim
7.6%

You're not logged in!

Compare scores with friends on all Sporcle quizzes.
OR
Log In

Show Comments

Extras

Created May 5, 2011ReportNominate
Tags:rookie

Top Quizzes Today


Score Distribution

Your Account Isn't Verified!

In order to create a playlist on Sporcle, you need to verify the email address you used during registration. Go to your Sporcle Settings to finish the process.

Report this User

Report this user for behavior that violates our Community Guidelines.

Details: